00000000nas 2200000zi 4500
0019.942511
003CaOODSP
00520250728140543
006m     o  d f      
007cr cn ||||||||
008240828c20239999onctr p o    f0   b0fre|d
022 |a2818-5978
040 |aCaOODSP|bfre|erda|cCaOODSP
043 |an-cn---
0861 |aJL5-4F-PDF
1102 |aCommission du droit du Canada.|eauteur, |eorganisme de publication.
222 0|aRapport financier trimestriel pour le trimestre terminé le ... |b(Commission du droit du Canada)
24510|aRapport financier trimestriel pour le trimestre terminé le ... / |cCommission du droit du Canada.
2463 |aCommission du droit du Canada, rapport financier trimestriel pour le trimestre terminé le ...
264 1|a[Ottawa] : |bLaw Commission of Canada = Commission du droit du Canada, |c[2024]-
310 |aTrois fois par année
336 |atexte|btxt|2rdacontent/fre
337 |ainformatique|bc|2rdamedia/fre
338 |aressource en ligne|bcr|2rdacarrier/fre
3621 |aParaît depuis : 30 juin 2023.
500 |aPublié aussi en anglais sous le titre : Quarterly financial report for the quarter ended ...
588 |aDescription d'après : 30 juin 2023; titre de la page couverture du fichier PDF.
588 |aDernière livraison consultée : 30 juin 2024.
61026|aCommission du droit du Canada|xCrédits budgétaires et dépenses|vPériodiques.
650 6|aFinances publiques|zCanada|vPériodiques.
655 7|aPériodiques|2rvmgf
77508|tQuarterly financial report for the quarter ended ... / |w(CaOODSP)9.942512